00862nam a2200217 a 450000100100000000500170001000800410002702000180006804000250008608200110011110000250012224500690014726000410021630000210025759000260027859000710030470000280037595201090040395201150051299900170062700004860020201002061252.0190402s2015 dr 000 0 spa d a9789945430240 aDO-SdBNPbspacBNPHU axxbxx1 aKaba, Esthela97605010aHéroes anónimos /cEsthela Kaba ; prólogo Ernesto Jimenes. aSanto Domingo :bLa Escalera,c2015. a478 p. ;c23 cm. aInventariado, 2019/VM aHomenaje póstumo al Capitán constitucionalista David Sánchez1 aJimenes, Ernesto976051 0010718PDaPDbPDcHDd2019-04-02iLF1l0oxx xxp48600-10r2020-06-25w2020-06-25yLFPDZNo se presta 0010718PDaPDbPDcHDd2019-04-02iLF1l0oxx xxp48600-20r2020-06-25te. 2w2020-06-25yLFPDZNo se presta c48088d48088